| 000 | 00976cam a2200253 i 4500 | ||
|---|---|---|---|
| 003 | SA-RiAUC | ||
| 005 | 20251105114859.0 | ||
| 008 | 251104s1983 ua g b 00000 ara c | ||
| 040 |
_aSA-JeALM _bara _cSA-RiAUC _erda |
||
| 050 | 4 | _bA33 1983 | |
| 082 | 0 | 4 | _a332.1221 |
| 090 |
_a332.1221 _bا ن ص |
||
| 100 | 1 |
_aالأنصاري، محمود _eمؤلف. |
|
| 245 | 1 | 0 |
_aدور البنوك الإسلامية في التنمية الاجتماعية / _cمحمود الأنصاري. |
| 264 | 1 |
_aالقاهرة : _bالاتحاد الدولي للبنوك الإسلامية، _c1983 |
|
| 300 |
_a54 صفحة ؛ _c18 سم |
||
| 336 |
_aنص _btxt _2rdacontent _3كتاب |
||
| 337 |
_aبدون وسيط _bn _2rdamedia |
||
| 504 | _aببليوجرافية : صفحة 51-55. | ||
| 650 | 7 |
_aالبنوك الإسلامية _2aucsh |
|
| 650 | 7 |
_aالتنمية الاجتماعية _2aucsh |
|
| 942 |
_2ddc _cBOOK _n0 |
||
| 949 |
_aSA-JeALM _d251104 _uosman123 _n1 |
||
| 999 |
_c13003 _d13003 |
||